[Event "Helsingor Xtracon op"]
[Site "Helsingor"]
[Date "2019.07.25"]
[Round "7"]
[White "Fjallheim, Benjamin Reinert"]
[Black "Bremer, Erik"]
[Result "1-0"]
[WhiteElo "1612"]
[BlackElo "1444"]
[PlyCount "93"]
[EventDate "2019.07.20"]
[EventType "swiss"]
[EventRounds "10"]
[EventCountry "DEN"]
[SourceTitle "CBM 191 Extra"]
[Source "ChessBase"]
[SourceDate "2019.09.30"]
[SourceVersion "1"]
[SourceVersionDate "2019.09.30"]
[SourceQuality "1"]

1. e4 e5 2. Nf3 Nc6 3. Bc4 Bc5 4. Nc3 Nf6 5. d3 h6 6. Na4 Be7 7. Be3 0-0 8. Qd2 d6 9. Nc3 Be6 10. Nd5 Bg4 11. h3 Bd7 12. g4 Nxd5 13. Bxd5 Be6 14. 0-0-0 Nb8 15. Bxb7 Nd7 16. Bxa8 Qxa8 17. Kb1 c5 18. g5 h5 19. Nh4 Rb8 20. Nf5 Bd8 21. Nxd6 Qc6 22. Nc4 Nb6 23. Nxe5 Qb5 24. c4 Qa6 25. Bxc5 Na4 26. Bd4 Ba5 27. Qc2 Bb4 28. b3 Be7 29. f4 Bd8 30. f5 Bd7 31. Qe2 Ba5 32. Qxh5 Be8 33. g6 fxg6 34. fxg6 Kf8 35. Rhf1+ Ke7 36. Qg5+ Kd6 37. Nf7+ Kd7 38. Qd5+ Kc8 39. Nd6+ Kc7 40. Nxe8+ Rxe8 41. Rf7+ Kb8 42. Be5+ Rxe5 43. Qxe5+ Kc8 44. Qe8+ Bd8 45. Qd7+ Kb8 46. Qxd8+ Qc8 47. Qd6+ 1-0

[Event "Helsingor Xtracon op"]
[Site "Helsingor"]
[Date "2018.07.27"]
[Round "8"]
[White "Bremer, Erik"]
[Black "Kristensen, Thomas Overgaard"]
[Result "1/2-1/2"]
[WhiteElo "1476"]
[BlackElo "1696"]
[PlyCount "78"]
[EventDate "2018.07.21"]
[EventType "swiss"]
[EventRounds "10"]
[EventCountry "DEN"]
[SourceTitle "CBM 185 Extra"]
[Source "ChessBase"]
[SourceDate "2018.07.29"]
[SourceVersion "1"]
[SourceVersionDate "2018.07.29"]
[SourceQuality "1"]

1. e4 c6 2. d4 d5 3. Nc3 dxe4 4. Nxe4 Nf6 5. Ng3 Bg4 6. Be2 Bxe2 7. N3xe2 e6 8. Nf3 Bd6 9. 0-0 0-0 10. Qd3 Nbd7 11. Bg5 Re8 12. Rad1 Qc7 13. Nc3 h6 14. Bc1 Rad8 15. g3 Nf8 16. Rfe1 Ng6 17. Qf1 Bb4 18. Re3 Ne7 19. Ne4 Nfd5 20. Re2 f5 21. Ned2 Ng6 22. Nc4 f4 23. Qh3 fxg3 24. hxg3 Qf7 25. Nce5 Nxe5 26. Nxe5 Qf5 27. Qxf5 exf5 28. c3 Bxc3 29. Rd3 Ba5 30. Rf3 Nb4 31. a3 Rxd4 32. axb4 Rd1+ 33. Kg2 Rxc1 34. bxa5 Rc5 35. Rfe3 Rxa5 36. Nc4 Rxe3 37. Rxe3 Rd5 38. b3 b5 39. Na5 c5 1/2-1/2

[Event "Helsingor Xtracon op"]
[Site "Helsingor"]
[Date "2017.07.22"]
[Round "1"]
[White "Bremer, Erik"]
[Black "Karlsson, Ulf"]
[Result "0-1"]
[WhiteElo "1488"]
[BlackElo "2036"]
[PlyCount "128"]
[EventDate "2017.07.22"]
[EventType "swiss"]
[EventRounds "10"]
[EventCountry "DEN"]
[SourceTitle "CBM 179 Extra"]
[Source "ChessBase"]
[SourceDate "2017.08.23"]
[SourceVersion "1"]
[SourceVersionDate "2017.08.23"]
[SourceQuality "1"]

1. d4 d5 2. Nc3 Nf6 3. Bf4 c6 4. e3 Qa5 5. Bd3 Nbd7 6. Nf3 Ne4 7. Bxe4 dxe4 8. Nd2 Nf6 9. 0-0 Bf5 10. Nb3 Qd8 11. Nc5 b6 12. Nb3 e6 13. h3 Nd5 14. Bh2 Nxc3 15. bxc3 Be7 16. Qe2 0-0 17. Rfd1 Qc8 18. c4 Rd8 19. c3 Bg6 20. Rd2 Rd7 21. f3 Qa6 22. fxe4 Bxe4 23. Rf1 Qb7 24. c5 Rad8 25. Rfd1 h6 26. Bf4 Bg6 27. a4 bxc5 28. Nxc5 Bxc5 29. dxc5 Rxd2 30. Rxd2 Qb1+ 31. Kh2 Rxd2 32. Qxd2 Qd3 33. Qxd3 Bxd3 34. a5 a6 35. Kg3 Be4 36. Kf2 f6 37. Bd6 Kf7 38. Kg3 e5 39. Kf2 g6 40. g3 Ke6 41. Ke1 Kd5 42. Kd2 Bg2 43. h4 Bf3 44. Be7 Ke6 45. Bd6 Kf5 46. Ke1 h5 47. Bb8 g5 48. hxg5 fxg5 49. Kf2 Bd5 50. Bc7 h4 51. gxh4 gxh4 52. Bd8 h3 53. Kg3 Bg2 54. Bc7 Ke4 55. Bd6 Kd5 56. Kh2 e4 57. Kg3 Kc4 58. Be5 Kb5 59. Bc7 Kxc5 60. Bb6+ Kc4 61. Bd4 c5 62. Be5 Kd3 63. Kf2 Bf3 64. Bd6 Kxc3 0-1

[Event "IBCA-ol blind 15th"]
[Site "Ohrid"]
[Date "2017.06.25"]
[Round "6.4"]
[White "Gordon, Philip"]
[Black "Bremer, Erik"]
[Result "1-0"]
[WhiteElo "1561"]
[BlackElo "1514"]
[PlyCount "35"]
[EventDate "2017.06.19"]
[EventType "team-swiss"]
[EventRounds "9"]
[EventCountry "MKD"]
[SourceTitle "CBM 179 Extra"]
[Source "ChessBase"]
[SourceDate "2017.08.23"]
[SourceVersion "1"]
[SourceVersionDate "2017.08.23"]
[SourceQuality "1"]
[WhiteTeam "England"]
[BlackTeam "Denmark"]
[WhiteTeamCountry "ENG"]
[BlackTeamCountry "DEN"]

1. Nf3 Nf6 2. c4 e6 3. g3 d5 4. Bg2 c5 5. cxd5 Nxd5 6. Nc3 Nc6 7. d4 Nf6 8. Be3 cxd4 9. Nxd4 Nxd4 10. Bxd4 Be7 11. Qa4+ Bd7 12. Qb3 Bc6 13. Bxc6+ bxc6 14. Rd1 Qc8 15. 0-0 0-0 16. Kg2 c5 17. Be5 Qc6+ 18. f3 1-0

[Event "IBCA-ol blind 15th"]
[Site "Ohrid"]
[Date "2017.06.20"]
[Round "2.4"]
[White "Bremer, Erik"]
[Black "Vosloo, Cicel Johannes"]
[Result "1/2-1/2"]
[WhiteElo "1514"]
[BlackElo "1597"]
[PlyCount "95"]
[EventDate "2017.06.19"]
[EventType "team-swiss"]
[EventRounds "9"]
[EventCountry "MKD"]
[SourceTitle "CBM 179 Extra"]
[Source "ChessBase"]
[SourceDate "2017.08.23"]
[SourceVersion "1"]
[SourceVersionDate "2017.08.23"]
[SourceQuality "1"]
[WhiteTeam "Denmark"]
[BlackTeam "South Africa"]
[WhiteTeamCountry "DEN"]
[BlackTeamCountry "RSA"]

1. e4 d6 2. d4 Nf6 3. Nc3 c6 4. Nf3 Bg4 5. Be2 Nbd7 6. Be3 Bxf3 7. Bxf3 e5 8. 0-0 Be7 9. Re1 0-0 10. g3 h6 11. Bg2 Nb6 12. b3 Qc7 13. a4 a5 14. Ne2 Rfd8 15. Qb1 Nbd7 16. c4 c5 17. d5 b6 18. Nc3 Nh7 19. Qd1 Bg5 20. Bxg5 Nxg5 21. h4 Nh7 22. Nb5 Qb8 23. Bh3 Ndf6 24. Ra2 h5 25. Rd2 g6 26. Qf3 Kg7 27. Qe2 Nf8 28. Qe3 Qb7 29. Rde2 Qe7 30. f3 N8d7 31. Rg2 Nb8 32. Nc3 Rh8 33. Rh2 Nbd7 34. Nb5 Rac8 35. Kf2 Nb8 36. Nc3 Na6 37. Re2 Nc7 38. Ke1 Rcg8 39. Kd1 Kf8 40. f4 Ng4 41. Bxg4 hxg4 42. Ref2 Rh5 43. f5 gxf5 44. Rxf5 Rxf5 45. exf5 Qf6 46. Rf2 Ne8 47. Ne4 Qh8 48. Qd2 1/2-1/2

[Event "Helsingor Xtracon op"]
[Site "Helsingor"]
[Date "2016.07.31"]
[Round "10"]
[White "Bremer, Erik"]
[Black "Kreken, Eivind Grunt"]
[Result "0-1"]
[WhiteElo "1458"]
[BlackElo "1245"]
[PlyCount "54"]
[EventDate "2016.07.23"]
[EventType "swiss"]
[EventRounds "10"]
[EventCountry "DEN"]
[SourceTitle "CBM 173 Extra"]
[Source "ChessBase"]
[SourceDate "2016.08.29"]
[SourceVersion "1"]
[SourceVersionDate "2016.08.29"]
[SourceQuality "1"]

1. e4 e6 2. d4 d5 3. e5 c5 4. c3 Nc6 5. Nf3 Qb6 6. a3 cxd4 7. cxd4 Nge7 8. Bd3 Nf5 9. b4 Bd7 10. Bc2 a5 11. bxa5 Qxa5+ 12. Nbd2 Ncxd4 13. Nxd4 Nxd4 14. Bb2 Nc6 15. 0-0 Qc7 16. Re1 Bc5 17. Nf3 Qb6 18. Rb1 Bxf2+ 19. Kh1 Bxe1 20. Qxe1 Qc7 21. Qg3 Ne7 22. Rc1 Bc6 23. Qxg7 Rg8 24. Qxh7 Qb6 25. Bd4 Qb5 26. Rd1 Qe2 27. Bd3 Qxg2# 0-1

[Event "Helsingor Xtracon op"]
[Site "Helsingor"]
[Date "2016.07.24"]
[Round "3"]
[White "Moller, Arne Vagn"]
[Black "Bremer, Erik"]
[Result "1/2-1/2"]
[WhiteElo "1843"]
[BlackElo "1458"]
[PlyCount "47"]
[EventDate "2016.07.23"]
[EventType "swiss"]
[EventRounds "10"]
[EventCountry "DEN"]
[SourceTitle "CBM 173 Extra"]
[Source "ChessBase"]
[SourceDate "2016.08.29"]
[SourceVersion "1"]
[SourceVersionDate "2016.08.29"]
[SourceQuality "1"]

1. e4 c5 2. Nf3 d6 3. d4 cxd4 4. Nxd4 Nf6 5. Nc3 a6 6. Be2 Nc6 7. Be3 e6 8. 0-0 Be7 9. Kh1 0-0 10. f4 Qc7 11. Nb3 b5 12. Bf3 Bb7 13. a3 Nb8 14. Qe2 Nbd7 15. Qf2 Rac8 16. Rac1 Ba8 17. Rfe1 Nc5 18. e5 dxe5 19. Bxa8 Ng4 20. Qf3 Nxe3 21. fxe5 Nxg2 22. Qxg2 Rxa8 23. Nd4 Qb7 24. Qxb7 1/2-1/2

[Event "Politiken Cup 36th"]
[Site "Helsingor"]
[Date "2014.07.28"]
[Round "9"]
[White "Nilsson, Carl Axel"]
[Black "Bremer, Erik"]
[Result "1-0"]
[WhiteElo "1696"]
[BlackElo "1498"]
[PlyCount "47"]
[EventDate "2014.07.21"]
[EventType "swiss"]
[EventRounds "10"]
[EventCountry "DEN"]
[SourceTitle "CBM 161 Extra"]
[Source "ChessBase"]
[SourceDate "2014.08.29"]
[SourceVersion "1"]
[SourceVersionDate "2014.08.29"]
[SourceQuality "1"]

1. e4 c5 2. Nf3 d6 3. d4 cxd4 4. Nxd4 Nf6 5. Nc3 a6 6. Bg5 e6 7. f4 h6 8. Bh4 Qb6 9. Qd2 Bd7 10. 0-0-0 Nc6 11. h3 0-0-0 12. Bf2 Qc7 13. Nb3 Be7 14. g4 d5 15. e5 Ne8 16. Na4 Bb4 17. c3 Ba5 18. Nxa5 Nxa5 19. Bb6 Nb3+ 20. axb3 Qc6 21. Bxd8 Kxd8 22. Qd4 Nc7 23. Qb6 d4 24. Qxc6 1-0

[Event "Politiken Cup 36th"]
[Site "Helsingor"]
[Date "2014.07.23"]
[Round "4"]
[White "Bremer, Erik"]
[Black "Christiansen, Torsten Sundgaar"]
[Result "0-1"]
[WhiteElo "1498"]
[BlackElo "1793"]
[PlyCount "80"]
[EventDate "2014.07.21"]
[EventType "swiss"]
[EventRounds "10"]
[EventCountry "DEN"]
[SourceTitle "CBM 161 Extra"]
[Source "ChessBase"]
[SourceDate "2014.08.29"]
[SourceVersion "1"]
[SourceVersionDate "2014.08.29"]
[SourceQuality "1"]

1. e4 g6 2. Nf3 Bg7 3. Bc4 d6 4. c3 Nf6 5. d3 Nc6 6. h3 Be6 7. Bb3 Qd7 8. Nbd2 a6 9. d4 Bxb3 10. Qxb3 Rb8 11. 0-0 0-0 12. Re1 e5 13. d5 Ne7 14. c4 Nh5 15. Nf1 h6 16. Be3 b6 17. Qc2 g5 18. N1h2 Ng6 19. Kh1 Nhf4 20. Bxf4 Nxf4 21. Rg1 f5 22. a4 a5 23. Ra3 Rf6 24. Ne1 Rbf8 25. Rg3 fxe4 26. Qxe4 Qxa4 27. Ng4 R6f7 28. Ra3 Qb4 29. Qc2 Qc5 30. Ne3 Kh8 31. Nf3 Nxh3 32. Nxg5 Nxf2+ 33. Kh2 hxg5 34. Ng4 Nxg4+ 35. Kh1 e4 36. Qe2 Nf2+ 37. Kh2 Be5+ 38. g3 Rh7+ 39. Kg2 Nd3 40. Raa1 Rf2+ 0-1

[Event "Politiken Cup 36th"]
[Site "Helsingor"]
[Date "2014.07.22"]
[Round "2"]
[White "Bremer, Erik"]
[Black "Andersen, Dag"]
[Result "0-1"]
[WhiteElo "1498"]
[BlackElo "1862"]
[PlyCount "82"]
[EventDate "2014.07.21"]
[EventType "swiss"]
[EventRounds "10"]
[EventCountry "DEN"]
[SourceTitle "CBM 161 Extra"]
[Source "ChessBase"]
[SourceDate "2014.08.29"]
[SourceVersion "1"]
[SourceVersionDate "2014.08.29"]
[SourceQuality "1"]

1. e4 e5 2. Nf3 Nc6 3. Bc4 Bc5 4. 0-0 Nf6 5. d3 a6 6. c3 d6 7. h3 h6 8. Be3 Bxe3 9. fxe3 Na5 10. Bb3 Nxb3 11. Qxb3 Rb8 12. Qc2 Qe7 13. Nbd2 0-0 14. Rae1 b5 15. a3 Bb7 16. Nh4 g6 17. Nhf3 Rbd8 18. d4 Nd7 19. Re2 Kg7 20. Ref2 c5 21. Nh2 Rde8 22. d5 c4 23. Ndf3 Bc8 24. Qe2 Nc5 25. Nd2 Nd3 26. Rf3 Nxb2 27. Rg3 Na4 28. Nb1 Nc5 29. Nd2 Bd7 30. Ng4 Bxg4 31. Qxg4 Kh7 32. Nf3 Nd7 33. Nh4 h5 34. Nxg6 hxg4 35. Nxe7 Rxe7 36. Rxg4 Rg8 37. Rh4+ Kg7 38. Rf5 Kf8 39. Rfh5 f6 40. Rh8 Reg7 41. Rxg8+ Kxg8 0-1

[Event "Politiken Cup 35th"]
[Site "Helsingor"]
[Date "2013.07.31"]
[Round "6"]
[White "Bremer, Erik"]
[Black "Bjorn, Lasse E"]
[Result "0-1"]
[WhiteElo "1493"]
[BlackElo "1810"]
[PlyCount "66"]
[EventDate "2013.07.27"]
[EventType "swiss"]
[EventRounds "10"]
[EventCountry "DEN"]
[SourceTitle "CBM 155 Extra"]
[Source "ChessBase"]
[SourceDate "2013.08.26"]
[SourceVersion "1"]
[SourceVersionDate "2013.08.26"]
[SourceQuality "1"]

1. e4 c5 2. Nf3 d6 3. d4 cxd4 4. Nxd4 Nf6 5. Nc3 g6 6. f3 Qb6 7. Bb5+ Bd7 8. a4 Nc6 9. Be3 a6 10. Bxc6 bxc6 11. Qc1 c5 12. Nde2 Bg7 13. 0-0 0-0 14. Kh1 Rab8 15. Rb1 Qb4 16. b3 e6 17. Qe1 Rfc8 18. Bd2 Qb7 19. Qh4 Ne8 20. Rfd1 Rc6 21. Nf4 Rb6 22. Nh3 c4 23. a5 cxb3 24. Rdc1 b2 25. Rd1 Rc6 26. Na4 Rxc2 27. Nb6 Bb5 28. Bf4 Bc4 29. Ng5 h6 30. Nxf7 Qxf7 31. Bxh6 Bxh6 32. Qxh6 Ba2 33. Nd7 Qxd7 0-1

[Event "Politiken Cup 35th"]
[Site "Helsingor"]
[Date "2013.07.28"]
[Round "3"]
[White "Rasmussen, Lars Garne"]
[Black "Bremer, Erik"]
[Result "1-0"]
[WhiteElo "1977"]
[BlackElo "1493"]
[PlyCount "71"]
[EventDate "2013.07.27"]
[EventType "swiss"]
[EventRounds "10"]
[EventCountry "DEN"]
[SourceTitle "CBM 155 Extra"]
[Source "ChessBase"]
[SourceDate "2013.08.26"]
[SourceVersion "1"]
[SourceVersionDate "2013.08.26"]
[SourceQuality "1"]

1. e4 c5 2. Nf3 d6 3. d4 cxd4 4. Nxd4 Nf6 5. Nc3 a6 6. Be2 e6 7. 0-0 Be7 8. f4 0-0 9. Kh1 Qc7 10. Be3 Bd7 11. Qe1 Nc6 12. Qg3 b5 13. a3 Rfc8 14. Bf3 Ne8 15. Rae1 Qd8 16. Qf2 Rab8 17. Nb3 b4 18. axb4 Nxb4 19. Bg4 Nf6 20. Bf3 Rc4 21. e5 Ne8 22. Nd2 Rxc3 23. bxc3 Nxc2 24. Rb1 Bb5 25. c4 Na3 26. cxb5 Nxb1 27. Rxb1 Qa5 28. Bc6 Qa2 29. Bxe8 Rxe8 30. b6 Rb8 31. b7 dxe5 32. Ba7 Bb4 33. Qe2 Qxb1+ 34. Nxb1 Rxb7 35. Qc2 h6 36. Qc8+ 1-0